Statistiken für Wahrzeichen der 32 größten deutschen Städte

Klicken Sie hier um das Quiz zu spielen!

Allgemein

  • Dieses Quiz wurde 1.278 mal gespielt
  • Das Durchschnittsergebnis liegt bei 8 aus 32

Antwortstatistiken

Antwort% Korrekt
Dom
98%
Schwebebahn
77%
Westfalenstadion
62%
Speicherstadt
58%
Karl-Marx-Statue
52%
Bundeskanzleramt
46%
Englischer Garten
46%
Rathaus
46%
Arena auf Schalke
44%
Semperoper
43%
Dom
38%
Römer
35%
Völkerschlachtsdenkmal
32%
Schloss
27%
Neues Rathaus
19%
Neues Schloss
18%
Medienhafen
14%
Fuggerei
11%
Villa Hügel
11%
Friedrichsplatz/Wasserturm
10%
Villa Hammerschmidt
8%
Frauenkirche
6%
Grüne Zitadelle
6%
Landschaftspark
6%
Prinzipalmarkt
6%
Schauspielhaus
5%
Sparrenburg
5%
Münster
3%
Marktkirche
2%
Moritzburg
2%
Burg Dankwarderode
1%
Opernhaus
1%

Verteilung der Resultate

Perzentil nach korrekt beantworteten Fragen

Anzahl Personen mit jedem Resultat

Ihre Resultats-Entwicklung

Sie haben dieses Quiz noch nicht gespielt